Operations management / (Record no. 1218)
[ view plain ]
| 000 -LEADER | |
|---|---|
| fixed length control field | 01254cam a2200181 a 4500 |
| 020 ## - INTERNATIONAL STANDARD BOOK NUMBER | |
| ISBN | 9780070091771 |
| 050 ## - CALL NUMBER | |
| Classification number | TS155.St3 |
| 100 1# - AUTHOR | |
| Personal name | Stevenson, William J. |
| 245 10 - TITLE | |
| Title | Operations management / |
| Statement of responsibility, etc | William J. Stevenson. |
| 250 ## - EDITION | |
| Edition statement | 10th ed., International student ed. |
| 260 ## - PUBLICATION INFORMATION | |
| Place of publication | Boston [Mass.] : |
| Name of publisher | McGraw-Hill Irwin, |
| Year of publication | c2009. |
| 300 ## - DESCRIPTION | |
| Number of Pages | xxxii, 906 p. : |
| Other physical details | col. ill. ; |
| Dimensions | 28 cm. |
| 500 ## - NOTES | |
| General note | Includes index. |
| 505 ## - FORMATTED CONTENTS NOTE | |
| Table of Content | 1. Introduction to Operations Management <br/>2. Competitiveness, Strategy, and Productivity <br/>3. Forecasting <br/>4. Product and Service Design 4S Supplement: Reliability <br/>5. Strategic Capacity Planning for Products and Services 5S Supplement: Decision Theory <br/>6. Process Selection and Facilities Layout 6S Linear Programming <br/>7. Design of Work Systems 7S Learning Curves <br/>8. Location Planning and Analysis 8S The Transportation Model <br/>9. Management of Quality <br/>10. Quality Control 10S Acceptance Sampling <br/>11. Supply Chain Management <br/>12. Inventory Management <br/>13. Aggregate Planning <br/>14. MRP and ERP <br/>15. Lean Operations 15S Supplement: Maintenance <br/>16. Scheduling <br/>17. Project Management <br/>18. Management of Waiting Lines |
| 650 #0 - SUBJECTS | |
| Topical Term | Production management. |
| 650 #0 - SUBJECTS | |
| Topical Term | Production management |
| 942 ## - ADDED ENTRY ELEMENTS (KOHA) | |
| Koha item type | Books |
| Withdrawn status | Lost status | Collection code | Home library | Current library | Shelving location | Date acquired | Full call number | Accession Number | Koha item type |
|---|---|---|---|---|---|---|---|---|---|
| Reference | Methodist University Library Main | Methodist University Library Main | General Stacks | 24/09/2013 | TS155.St3 | 38596 | Books | ||
| Non-fiction | Methodist University Library Main | Methodist University Library Main | General Stacks | 24/09/2013 | TS155.St3 | 38599 | Books | ||
| Reference | Methodist University Library Tema | Methodist University Library Tema | General Stacks | 24/09/2013 | TS155.St3 | 38595 | Books | ||
| Reference | Methodist University Library Tema | Methodist University Library Tema | General Stacks | 24/09/2013 | TS155.St3 | 29146 | Books | ||
| Methodist University Library Tema | Methodist University Library Tema | General Stacks | 08/12/2017 | TS155.St3 | 38598 | Books |